000 00270nam a2200097Ia 4500
001 695375
005 20250826161951.0
008 250824s9999 xx 000 0 und d
245 0 _aDEĞİRMENİMDEN MEKTUPLAR (ANTİK)
_cALPHONSE DAUDET
260 _bANTİK DÜNYA KLASİKLERİ
999 _c695375
_d695375